Countries Where an MLB Game Has Been Played - Statistics

General Stats
  • This quiz has been taken 1,828 times
    1,167 since last reset
  • The average score is 6 of 7
Answer Stats
Answer % Correct
USA
98%
Canada
97%
Mexico
97%
Japan
94%
UK
92%
South Korea
77%
Australia
61%
No matching quizzes found
Score Distribution
Percent of People with Each Score
Percentile by Number Answered
Your Score History
You have not taken this quiz since the last reset